Statistical analysis of Hungarian cities’ autonomous vehicle preparedness correlations, ranking and neural network /

Elmentve itt :
Bibliográfiai részletek
Szerzők: Kovács Péter
Lukovics Miklós
Dokumentumtípus: Cikk
Megjelent: 2024
Sorozat:REGIONAL STATISTICS 14 No. 5
Tárgyszavak:
doi:10.15196/RS140505

mtmt:35337175
Online Access:http://publicatio.bibl.u-szeged.hu/36539
LEADER 00804nab a2200217 i 4500
001 publ36539
005 20250423090553.0
008 250423s2024 hu o 000 eng d
022 |a 2063-9538 
024 7 |a 10.15196/RS140505  |2 doi 
024 7 |a 35337175  |2 mtmt 
040 |a SZTE Publicatio Repozitórium  |b hun 
041 |a eng 
100 1 |a Kovács Péter 
245 1 0 |a Statistical analysis of Hungarian cities’ autonomous vehicle preparedness  |h [elektronikus dokumentum] :  |b correlations, ranking and neural network /  |c  Kovács Péter 
260 |c 2024 
300 |a 922-944 
490 0 |a REGIONAL STATISTICS  |v 14 No. 5 
650 4 |a Közgazdasági és gazdálkodástudományok 
700 0 1 |a Lukovics Miklós  |e aut 
856 4 0 |u http://publicatio.bibl.u-szeged.hu/36539/1/statisticalanalysis.pdf  |z Dokumentum-elérés